000 00648nam a2200241Ia 4500
003 OSt
005 20220918163536.0
006 a|||||r|||| 00| 0
007 ta
008 220917b |||||||| |||| 00| 0 eng d
020 _a0099287390
024 _a239,555
037 _cTextual
040 _aARTS
_cARTS
_beng
041 _2eng
_aeng
082 _aO111,3M73x, P0.1
100 _aMaugham W.Somerset
_913622
245 0 _aCollected short stories Vol.I
260 _aLondon
_bVintage UK
_c2000
650 _aENGLISH LITERATURE
942 _hO111,3M73x, P0.1
_cTEXL
_2CC
999 _c119988
_d119988